Times por Escudo - Categoria Primeira A 2024 (Colômbia) - Statistics

Estatísticas Gerais
  • Esse quiz foi jogado 85 vezes
  • A pontuação média é 13 de 20
Estatísticas das Respostas
Imagem Resposta % Correto
Atlético Nacional
95%
Junior Barranquilla
93%
Santa Fé
93%
Tolima
91%
Once Caldas
88%
América de Cali
86%
Independiente Medellín
76%
Millonarios
74%
Deportivo Cali
73%
Deportivo Pereira
64%
Rionegro Águilas
61%
La Equidad
54%
Atlético Bucaramanga
50%
Alianza
46%
Deportivo Pasto
45%
Patriotas
41%
Envigado
39%
Boyacá Chicó
38%
Fortaleza
38%
Jaguares de Córdoba
34%
Nenhum quiz correspondente encontrado
Distribuição das Pontuações
Porcentagem de Pessoas com Cada Pontuação
Percentil de Números Respondidos
Sua Pontuação Histórica
Você não jogou esse quiz